Francis Bacon

שמור ב:
מידע ביבליוגרפי
מחבר ראשי: Leiris, Michel (Author)
פורמט: ספר
שפה:ספרדית
יצא לאור: Barcelona Ediciones Polígrafa 2008
מהדורה:1a. ed
נושאים:
תגים: הוספת תג
אין תגיות, היה/י הראשונ/ה לתייג את הרשומה!

MARC

LEADER 00000cam a2200000 a 4500
001 UCE1210
003 CL-VaPUC
008 140331e20080000sp |||||||||||||||||spa|d
020 |a 9788434311862 
082 0 4 |a 759.29  |b LEI  |2 21 
100 |a Leiris, Michel  |e author  |9 573560 
245 1 0 |a Francis Bacon 
250 |a 1a. ed 
300 |a 33 p 
942 |c BK 
945 |d 20140331 09:48:00  |a dcastane 
260 |a Barcelona  |b Ediciones Polígrafa  |c 2008 
600 0 7 |a BACON, FRANCIS  |2 CL-VaPUC  |9 334502 
650 7 |a PINTURA IRLANDESA  |2 CL-VaPUC  |9 539992 
650 7 |a PINTORES IRLANDESES  |2 CL-VaPUC  |9 460002 
650 0 |a Biografías  |9 255210 
583 |a last modification  |c 20140331 09:48:00  |k Rodrigo Vera 
999 |c 355089  |d 355087 
952 |0 0  |1 0  |3 erd  |4 0  |6 759_290000000000000_LEI_2008  |7 0  |8 R  |9 461459  |a BIBART  |b BIBART  |i 5065496  |l 9  |m 1  |o 759.29 LEI 2008  |p 5065496  |r 2025-03-13  |s 2024-10-29  |w 2019-11-23  |y BK_R  |z Catalogado en:20140331  |k ART